| 000 | 00465nam a2200169Ia 4500 | ||
|---|---|---|---|
| 003 | IN-BaIIA | ||
| 008 | 211028s9999 xx 000 0 eng d | ||
| 040 | _cIIA Library | ||
| 080 |
_a523.45 _bSAM |
||
| 100 |
_aSampson, R. A. _91331 |
||
| 245 | 0 |
_aTables of the four great satellites of jupiter _cR.A. Sampson |
|
| 260 |
_aLondon _bWilliam Wesley _c1910 |
||
| 300 | _axlviii, 300p | ||
| 650 |
_aSatellite-Jupiter _91332 |
||
| 650 |
_aTables-Data _91333 |
||
| 942 | _cBK | ||
| 999 |
_c607 _d607 |
||